Integrating geographic information systems and agent-based modeling techniques for simulating social and ecological processes

Αποθηκεύτηκε σε:
Λεπτομέρειες βιβλιογραφικής εγγραφής
Άλλοι συγγραφείς: Gimblett, H. Randy (Επιμελητής έκδοσης)
Μορφή: Βιβλίο
Γλώσσα:English
Δημοσίευση: Oxford : Oxford University Press, 2002
Σειρά:Proceedings volume in the Santa Fe Institute studies in the sciences of complexity
Θέματα:
Ετικέτες: Προσθήκη ετικέτας
Δεν υπάρχουν, Καταχωρήστε ετικέτα πρώτοι!

MARC

LEADER 00000nam a2200000 i 4500
001 1/60371
008 040914s2002 eng d
020 |a 0-19-514337-X 
035 |l 10074282 
040 |a GR-MY-UA  |b gre  |e aacr 
041 0 |a eng 
082 0 |a 304.2015118  |2 (21) 
245 1 0 |a Integrating geographic information systems and agent-based modeling techniques for simulating social and ecological processes /  |c editor H. Randy Gimblett 
260 |a Oxford :   |b Oxford University Press,   |c 2002 
300 |a xiv, 327 σ.;  |b εικ., πιν., χαρτ., διαγρ.;  |c 24 εκ. 
490 1 |a Proceedings volume in the Santa Fe Institute studiesin the sciences of complexity 
504 |a Περιέχει βιβλιογραφία και ευρετήριο 
650 0 0 |a Human geography  |x Mathematical models. 
650 0 0 |a Human ecology  |x Mathematical models. 
650 0 0 |a Regional planning  |x Mathematical models. 
650 0 0 |a Geographic information systems. 
700 1 |a Gimblett, H. Randy.  |4 edt 
830 0 |a Proceedings volume in the Santa Fe Institute studies in the sciences of complexity 
852 |a INST  |b LESVOS  |e 20040914  |h 304.2015118 INT  |p 005100030579  |q 005100030579  |t BK  |y 0 
901 |a BIBL1-2004-3 
909 |a Λ  |b 113119 
922 |a 1ΕΛΗ  |b 200408  |c ΕΠΕΑΕΚ2/ΤΓ  |d ΜΙΧΑΛΟΠΟΥΛΟΣ 
950 |a 118-2004-06-14 
970 |a ΧΡΙΣΤΟΦΑ  |b ΝΙΚΗ  |z 2004/10/20